عرض عادي
عرض مارك
- Patel, Sanjay J.
مدخل إسم شخص
001 - رقم الضبط
- حقل الضبط: 4929
003 - معرف رقم الضبط
- حقل الضبط: OSt
005 - تاريخ ووقت أخر عملية
- حقل الضبط: 20110928152035.0
008 - عناصر بيانات ثابتة الطول
- حقل تحكم ثابت الطول: 110928|||a|||||| | ||| d
040 ## - مصدر الفهرسة
- هيئة الفهرسة الأصلية: OSt
- وكالة الكتابة: OSt
100 ## - مدخل -- أسم شخص
- إسم شخص: Patel, Sanjay J.
670 ## - بيانات المصدر موجوده
- الاستشهاد بالمصدر: Work cat.: (OSt)659: Patt, Yale N. 4928, Introduction to computing systems :, c2004.
